[Event "freccia"]
[Site "http://www.queenalice.com/game.php?id=146834"]
[Date "2006.12.27"]
[Round "-"]
[White "ray"]
[Black "freccia"]
[Result "0-1"]
[WhiteElo "1655"]
[BlackElo "1340"]

1. c4 e5 2. Nc3 Bb4 3. Qb3 Nc6 4. Nd5 Ba5 5. e4 Nd4 6. Qd3 c6 7. Ne3 c5 8. Ne2
Nf6 9. Nxd4 cxd4 10. Nc2 d6 11. c5 a6 12. b4 Bc7 13. Qc4 Bd7 14. Be2 Nxe4 15.
O-O O-O 16. d3 Nf6 17. Bg5 Be6 18. Bxf6 Qxf6 19. cxd6 Bxc4 20. dxc4 Qxd6 21. c5
Qd7 22. Bf3 Ra7 23. Rfe1 Re8 24. h3 d3 25. Ne3 e4 26. Bg4 Qd4 27. Rab1 Qe5 28.
g3 d2 29. Re2 Rd8 30. Rd1 Qb2 31. Nc4 Qd4 32. Nxd2 Raa8 33. Rxe4 Qf6 34. Rde1 g6
35. Nf3 h5 36. Rf4 Bxf4 37. gxf4 hxg4 38. hxg4 Kg7 39. g5 Qxf4 40. Re3 Rh8 41.
Kf1 Qc4+ 42. Kg2 Qg4+ 43. Kf1 Rh1+ 44. Ke2 Qc4+ 45. Rd3 Re8+ 46. Kd2 Qc1# 0-1

[Event "Challenge"]
[Site "http://www.queenalice.com/game.php?id=149052"]
[Date "2007.1.2"]
[Round "-"]
[White "erbe"]
[Black "freccia"]
[Result "1-0"]
[WhiteElo "1582"]
[BlackElo "1100"]

1. e4 Nf6 2. e5 Ne4 3. d4 e6 4. Nh3 d5 5. Bd3 Bb4+ 6. c3 Ba5 7. Bxe4 dxe4 8. O-O
O-O 9. Ng5 Qd5 10. Nd2 f6 11. Nxh7 Kxh7 12. Qe2 Kg8 13. Nb3 fxe5 14. dxe5 Qxe5
15. Qg4 Rf6 16. Be3 Nd7 17. Rad1 b6 18. Nd2 Ba6 19. Rfe1 Rd8 20. Bd4 Qf5 21. Qg3
Rf7 22. Rxe4 c5 23. Be5 Nxe5 24. Rxe5 Qf6 25. h3 c4 26. Qe3 Re7 27. Re1 Rde8 28.
Qf3 b5 29. Qxf6 gxf6 30. Rc5 Bb6 31. Rh5 Bb7 32. Rxb5 Rg7 33. Ne4 f5 34. Nf6+
Kf7 35. Nxe8 Bc6 36. Nxg7 1-0

[Event "Challenge"]
[Site "http://www.queenalice.com/game.php?id=153323"]
[Date "2007.1.12"]
[Round "-"]
[White "erbe"]
[Black "freccia"]
[Result "1-0"]
[WhiteElo "1681"]
[BlackElo "1360"]

1. d4 e6 2. c4 b6 3. e4 Qh4 4. Nc3 Bb4 5. g3 Bxc3+ 6. bxc3 Qxe4+ 7. Ne2 Qxh1 8.
h4 d5 9. cxd5 Qxd5 10. Nf4 Qc6 11. Bb2 Nf6 12. Bg2 Ne4 13. Qf3 f5 14. Rd1 Qc4
15. Bf1 Qxa2 16. Bc1 Bb7 17. Be3 Nd7 18. Bb5 O-O-O 19. Bc1 Qb3 20. Qd3 Ndf6 21.
Bc4 Qa4 22. Nxe6 Rd6 23. Nxg7 b5 24. Bxb5 Qa5 25. Bd2 Ng4 26. Be3 Nxc3 27. Bd2
Be4 28. Bxc3 Qa2 29. Qd2 Qxd2+ 30. Rxd2 Rg8 31. Nh5 Re6 32. Nf4 Rb6 33. Be2 Nf6
34. Rd1 Bc2 35. Rc1 Rb1 36. Rxb1 Bxb1 37. d5 Re8 38. Bxf6 a5 39. Kf1 a4 40. Bb5
Re4 41. Ne2 Rb4 42. Ba6+ Kb8 43. Nc3 a3 44. Nxb1 Rxb1+ 45. Kg2 a2 46. Bd3 a1=Q
47. Bxa1 Rxa1 48. Bxf5 h6 49. Be6 Kb7 50. g4 Kb6 51. g5 hxg5 52. hxg5 Kc5 53. g6
Ra8 54. g7 Kd6 55. g8=Q Rxg8+ 56. Bxg8 Ke7 57. Kf3 Kd6 58. Ke4 c6 59. f4 cxd5+
60. Bxd5 Ke7 61. Kf5 Kf8 62. Kf6 Ke8 63. f5 Kf8 64. Kg6 1-0

[Event "Challenge"]
[Site "http://www.queenalice.com/game.php?id=153612"]
[Date "2007.1.13"]
[Round "-"]
[White "freccia"]
[Black "Tlaloc2k"]
[Result "1-0"]
[WhiteElo "1100"]
[BlackElo "1480"]

1. e4 Nf6 2. d3 d5 3. e5 Ng4 4. h3 Nxe5 5. d4 Nec6 6. Bb5 Bd7 7. Nf3 e6 8. O-O
h6 9. Re1 Be7 10. Bf4 Bf6 11. Bxc6 Bxc6 12. h4 g5 13. Be5 Nd7 14. Bxf6 Nxf6 15.
Ne5 Qe7 16. h5 O-O-O 17. g4 Ne4 18. f3 Nd6 19. c3 Nc4 20. Nxc6 bxc6 21. b3 Nb2
22. Qc2 Qd6 23. Qxb2 Qg3+ 24. Kf1 Qxf3+ 25. Qf2 Qxf2+ 26. Kxf2 Rd6 27. b4 f5 28.
gxf5 exf5 29. a4 Kd7 30. Na3 g4 31. Kg3 Rf6 32. Rf1 Rhf8 33. Rf4 Rg8 34. a5 Rg5
35. Rh1 Re6 36. Nc2 Re2 37. Rh2 Re3+ 38. Nxe3 1-0

[Event "Challenge"]
[Site "http://www.queenalice.com/game.php?id=154389"]
[Date "2007.1.15"]
[Round "-"]
[White "claudiocaire"]
[Black "freccia"]
[Result "1-0"]
[WhiteElo "1439"]
[BlackElo "1511"]

1. e4 Nf6 2. Qf3 e5 3. Bc4 d6 4. g4 Bxg4 5. Qb3 Be6 6. Qxb7 Nbd7 7. Bb5 Be7 8.
Nf3 O-O 9. Ng5 Nc5 10. Nxe6 Nxe6 11. Qc6 Nd4 12. Qc4 Nxe4 13. Qd3 Nc5 14. Qg3
Nxb5 15. Rg1 g5 16. h4 f6 17. a3 Ne6 18. Rh1 Nbd4 19. Kd1 Nf5 20. Qh3 Nxh4 21.
Qxe6+ Kh8 22. Nc3 a5 23. Nd5 Re8 24. Nxe7 Qxe7 25. Qg4 c5 26. d3 Rg8 27. c3 h6
28. b4 axb4 29. cxb4 Ra4 30. Ke1 cxb4 31. Qd1 Rga8 32. Qh5 b3 33. Rh3 Rb8 34.
Qxh6+ Kg8 35. Rb1 e4 36. dxe4 Rxe4+ 37. Kd1 Rd4+ 38. Bd2 b2 39. Re3 Qh7 40.
Qxh7+ Kxh7 41. Re6 Kg6 42. Kc2 Rc8+ 43. Kd1 Rb8 44. Ke2 Kf7 45. Bc3 Kxe6 46.
Bxd4 f5 47. Bxb2 Kd5 48. a4 Kc6 49. Rc1+ Kb6 50. Rb1 Ka6 51. Ke3 Ng6 52. Kd4 Ka5
53. Bc3+ Kxa4 54. Rxb8 g4 55. Kc4 Ne5+ 56. Kd5 Nd3 57. Kc4 Nxf2 58. Bb4 d5+ 59.
Kxd5 g3 60. Kc4 Nd1 61. Ra8# 1-0

[Event "Challenge"]
[Site "http://www.queenalice.com/game.php?id=158602"]
[Date "2007.1.24"]
[Round "-"]
[White "hugo10"]
[Black "freccia"]
[Result "0-1"]
[WhiteElo "1402"]
[BlackElo "1483"]

1. e4 Nf6 2. e5 Nd5 3. Bc4 e6 4. Bb3 b5 5. d3 b4 6. Nf3 c5 7. c4 bxc3 8. bxc3
Qa5 9. Bd2 Qa6 10. c4 Nc7 11. d4 cxd4 12. Nxd4 Qb6 13. Be3 Bc5 14. Nd2 Bxd4 15.
Rb1 Bxe3 16. fxe3 Qxe3+ 17. Kf1 Qxe5 18. Nf3 Qf5 19. Ba4 O-O 20. h3 Ba6 21. g4
Qf4 22. Bb5 Bb7 23. Rg1 Bxf3 24. Qd3 d5 25. Rb4 Be4+ 26. Ke2 Bxd3+ 27. Kxd3 Qe4+
28. Kd2 Qd4+ 29. Kc2 Qf2+ 30. Kb3 Qxg1 31. cxd5 Nxd5 32. Rc4 Qb1+ 33. Ka4 Qxa2#
0-1

[Event "Challenge"]
[Site "http://www.queenalice.com/game.php?id=158604"]
[Date "2007.1.24"]
[Round "-"]
[White "Tlaloc2k"]
[Black "freccia"]
[Result "0-1"]
[WhiteElo "1439"]
[BlackElo "1536"]

1. e4 e5 2. Nc3 Bb4 3. a3 Ba5 4. Qh5 Nc6 5. Bc4 g6 6. Qf3 f6 7. Nge2 Bxc3 8.
dxc3 Na5 9. Bxg8 Rxg8 10. Bd2 Nc4 11. Qd3 Nxd2 12. Qxd2 c6 13. O-O-O d5 14. c4
d4 15. Qh6 Qe7 16. b4 c5 17. b5 b6 18. Rd3 f5 19. exf5 Bxf5 20. Rd2 a6 21. Re1
axb5 22. Nf4 Rxa3 23. Kd1 Bg4+ 24. f3 Bf5 25. Rde2 Ra1+ 26. Kd2 Rxe1 27. Rxe1
Kd7 28. Nd5 Qf7 29. Nxb6+ Kc6 30. g4 Be6 31. Qh3 Kxb6 32. Qg3 Qf6 33. Rxe5 Re8
34. g5 Qf7 35. Re1 Qd7 36. Rb1 Bxc4 37. Ra1 d3 38. c3 Re2+ 39. Kc1 d2+ 40. Kd1
Re1+ 41. Qxe1 dxe1+=R+ 42. Kxe1 Qh3 0-1

[Event "Challenge"]
[Site "http://www.queenalice.com/game.php?id=158890"]
[Date "2007.1.25"]
[Round "-"]
[White "erbe"]
[Black "freccia"]
[Result "1-0"]
[WhiteElo "1631"]
[BlackElo "1468"]

1. d4 e6 2. c4 Bb4+ 3. Bd2 Bxd2+ 4. Nxd2 c6 5. Ngf3 d5 6. c5 b6 7. b4 Nf6 8. e3
O-O 9. Bd3 b5 10. Qc2 g6 11. O-O Nbd7 12. a3 Re8 13. h3 e5 14. Ng5 e4 15. Be2
Kg7 16. Qd1 h6 17. Ngxe4 dxe4 18. Qc2 Nb8 19. Bd1 h5 20. Qb3 Be6 21. Qb2 a5 22.
bxa5 Rxa5 23. Bc2 Bd5 24. Nb3 Ra7 25. Nc1 Nh7 26. Bb3 Ng5 27. Bxd5 Qxd5 28. Ne2
Nh7 29. Qc2 f5 30. Nf4 Qf7 31. Qd1 Nf6 32. a4 b4 33. Qd2 g5 34. Ne2 b3 35. Qb2
Nbd7 36. Nc1 Rb8 37. Ra3 Nb6 38. Qxb3 Nc4 39. Qxb8 Nxa3 40. Qb6 Rxa4 41. Qxc6 h4
42. Qxa4 Nc4 43. Ne2 Nb2 44. Qa6 Nd3 45. Rb1 Kg6 46. Rb8 f4 47. exf4 Nxf4 48.
Nxf4+ gxf4 49. Rb7 Qd5 50. Rb4 Kg5 51. c6 e3 52. fxe3 fxe3 53. Rb5 Kf5 54. Rxd5+
Nxd5 55. Qa5 e2 56. Qxd5+ Kf4 57. Qf3+ Kg5 58. Qxe2 Kf5 59. c7 1-0

[Event "Challenge"]
[Site "http://www.queenalice.com/game.php?id=158891"]
[Date "2007.1.25"]
[Round "-"]
[White "freccia"]
[Black "erbe"]
[Result "1-0"]
[WhiteElo "1454"]
[BlackElo "1631"]

1. e4 c5 2. Bb5 a6 3. Bc4 e6 4. Nf3 Nf6 5. Nc3 Be7 6. O-O O-O 7. e5 Ng4 8. h3
Nh6 9. d4 d6 10. Re1 Nc6 11. d5 Nxe5 12. Nxe5 dxe5 13. Rxe5 Qd6 14. Re1 Bd8 15.
Qf3 exd5 16. Bxd5 Bc7 17. Bf4 Qd7 18. Rad1 Qf5 19. Bxc7 Qxc2 20. Re2 Qf5 21.
Rde1 Qxf3 22. Bxf3 Rb8 23. Bxb8 Bd7 24. Bd6 Rd8 25. Nd5 Nf5 26. Ne7+ Nxe7 27.
Bxe7 Re8 28. Bxc5 Rxe2 29. Bxe2 h6 30. Bc4 Bc6 31. g4 Ba4 32. b3 Bc6 33. Re2 b5
34. Bb6 bxc4 35. bxc4 g6 36. f4 Kf8 37. h4 Bf3 38. Rd2 Bxg4 39. c5 Be6 40. c6
Ke8 41. c7 Bf5 42. a4 Be6 43. Rd8+ Ke7 44. c8=Q Bxc8 45. Rxc8 Kf6 46. Ra8 Kf5
47. Bc7 Kg4 48. Rxa6 Kxh4 49. Rf6 Kg4 50. Rxf7 1-0

[Event "Challenge"]
[Site "http://www.queenalice.com/game.php?id=160591"]
[Date "2007.1.29"]
[Round "-"]
[White "travignolo"]
[Black "freccia"]
[Result "1-0"]
[WhiteElo "1338"]
[BlackElo "1580"]

1. d4 e6 2. c4 c6 3. Nc3 d5 4. e3 Bb4 5. a3 Bxc3+ 6. bxc3 Nf6 7. c5 Ne4 8. Bb2
Qa5 9. Qc2 O-O 10. Bd3 f5 11. Bxe4 fxe4 12. f3 Qa6 13. f4 g5 14. Ne2 gxf4 15.
Nxf4 e5 16. dxe5 Qa5 17. O-O Qd8 18. Qf2 Kh8 19. Qg3 Rg8 20. Qf2 Na6 21. e6 Qg5
22. c4+ Rg7 23. Ng6+ hxg6 24. Qf8+ 1-0

[Event "Challenge"]
[Site "http://www.queenalice.com/game.php?id=160592"]
[Date "2007.1.29"]
[Round "-"]
[White "freccia"]
[Black "travignolo"]
[Result "0-1"]
[WhiteElo "1499"]
[BlackElo "1486"]

1. e4 c5 2. Bc4 e6 3. Nc3 Nc6 4. Nf3 Nf6 5. O-O Be7 6. Re1 d6 7. d3 O-O 8. a4
Na5 9. b3 Nxc4 10. bxc4 a6 11. a5 h6 12. e5 dxe5 13. Nxe5 Nd7 14. Na4 Qxa5 15.
Be3 Nxe5 16. Nxc5 Qc7 17. Ne4 Nd7 18. Qg4 f5 19. Qg3 Qxg3 20. Nxg3 f4 21. Bxf4
Rxf4 22. Rxe6 Bb4 23. Nh5 Rf8 24. d4 Nf6 25. Nxf6+ gxf6 26. Re4 Bf5 27. Rf4 Bxc2
28. Rg4+ Kh7 29. h4 Rg8 30. Rf4 f5 31. d5 Be4 32. h5 Rxg2+ 33. Kf1 Rag8 34. Ra2
Bd3+ 35. Re2 Rg1# 0-1

[Event "ray"]
[Site "http://www.queenalice.com/game.php?id=163113"]
[Date "2007.2.3"]
[Round "1"]
[White "blauwmeisje"]
[Black "freccia"]
[Result "0-1"]
[WhiteElo "1189"]
[BlackElo "1449"]

1. Nf3 e6 2. Nc3 c6 3. b3 d5 4. d4 Qa5 5. b4 Bxb4 6. Bd2 Bxc3 7. e3 Nf6 8. Ke2
Qb5+ 9. Ke1 Qa5 10. Rb1 Bxd2+ 11. Qxd2 Qc7 12. Ne5 c5 13. dxc5 Qxe5 14. Bd3 O-O
15. Qb4 Nc6 16. Qb3 a5 17. Bb5 Qe4 18. f3 Qh4+ 19. g3 Qh3 20. Qd3 Qg2 21. Rf1
Qxh2 22. Rd1 Qxg3+ 23. Kd2 Nb4 24. Qd4 Qg6 25. Rh1 Qxc2+ 26. Ke1 e5 27. Qxe5
Qxc5 28. Ba4 b5 29. Bb3 Bb7 30. Kf2 Rfe8 31. Qf5 Qxe3+ 32. Kg3 Bc8 33. Qh3 Bxh3
34. Rxh3 Ne4+ 35. Kh4 Qg5# 0-1

[Event "ray"]
[Site "http://www.queenalice.com/game.php?id=163115"]
[Date "2007.2.3"]
[Round "2"]
[White "freccia"]
[Black "ferrari"]
[Result "1-0"]
[WhiteElo "1497"]
[BlackElo "1151"]

1. e4 d6 2. d4 Nf6 3. Nc3 g6 4. Nf3 Bg7 5. Bc4 O-O 6. O-O Bg4 7. h3 Bh5 8. Re1
Nbd7 9. g4 Nxg4 10. hxg4 Bxg4 11. Kg2 Bxf3+ 12. Qxf3 Bxd4 13. Nb5 Ne5 14. Qb3
1-0

[Event "Raymundo  Silva"]
[Site "http://www.queenalice.com/game.php?id=166261"]
[Date "2007.2.9"]
[Round "-"]
[White "ray"]
[Black "freccia"]
[Result "0-1"]
[WhiteElo "1698"]
[BlackElo "1480"]

1. c4 e5 2. Nc3 Bc5 3. g3 c6 4. Bg2 Nf6 5. Nf3 e4 6. Ng5 d5 7. cxd5 cxd5 8. O-O
h6 9. Nh3 O-O 10. e3 Re8 11. f3 Bf5 12. fxe4 Bxh3 13. Bxh3 Nxe4 14. Nxe4 Rxe4
15. Qh5 Re7 16. d4 Bb6 17. Bd2 Qe8 18. Rf3 Nd7 19. Raf1 f6 20. Qxe8+ Raxe8 21.
Bg4 Kf7 22. Bxd7 Rxd7 23. Bb4 a5 24. Bc3 Rde7 25. Kg2 Rxe3 26. Kh3 Rxf3 27. Rxf3
g5 28. Kg4 Kg6 29. h4 h5+ 30. Kh3 g4+ 31. Kg2 gxf3+ 32. Kxf3 Kf5 33. b3 Rc8 34.
Bd2 Rc2 35. Bf4 Rxa2 36. Ke3 Ra3 37. Kd2 Rxb3 38. Kc2 Rb4 39. Kc3 Bxd4+ 40. Kd2
Rb3 41. Bc7 a4 42. Kc2 Rc3+ 43. Kd2 Rxc7 44. Kd3 Bf2 0-1

[Event "Raymundo  Silva"]
[Site "http://www.queenalice.com/game.php?id=166262"]
[Date "2007.2.9"]
[Round "-"]
[White "ray"]
[Black "freccia"]
[Result "0-1"]
[WhiteElo "1709"]
[BlackElo "1500"]

1. c4 e6 2. Nc3 c6 3. g3 d5 4. Bg2 Bb4 5. Qc2 Nf6 6. Nf3 b5 7. cxb5 cxb5 8. Nxb5
Na6 9. Ne5 O-O 10. Nc6 Qb6 11. Ne7+ Kh8 12. Qd3 Bxe7 13. a4 Nb4 14. Qb1 a6 15.
Nc3 Ng4 16. O-O Bb7 17. d3 d4 18. Bxb7 Qxb7 19. f3 Bc5 20. Ne4 Ba7 21. Nd6 Qc6
22. Ne4 Ne3 23. Bxe3 Nc2 24. Qc1 dxe3 25. Ra2 Rfc8 26. b3 Nb4 27. Qxc6 Rxc6 28.
Rb2 h6 29. Rbb1 f5 30. Rfc1 fxe4 31. dxe4 Rxc1+ 32. Rxc1 a5 33. f4 Kh7 34. Kg2
Rf8 35. Rc7 Bb8 36. Re7 e5 37. f5 Rf6 38. h4 Nc6 39. Re8 Bd6 40. Rc8 Nd4 41. Ra8
Bb4 42. Re8 Nxe2 43. Rxe5 Nc3 44. Re8 e2 45. e5 Rxf5 46. e6 e1=Q 47. e7 Bxe7 48.
Kh3 Rf3 49. Kg4 Qxg3+ 0-1

[Event "Raymundo  Silva"]
[Site "http://www.queenalice.com/game.php?id=166264"]
[Date "2007.2.9"]
[Round "-"]
[White "freccia"]
[Black "ray"]
[Result "0-1"]
[WhiteElo "1493"]
[BlackElo "1690"]

1. e4 c5 2. Bc4 Nc6 3. Nf3 g6 4. Nc3 Bg7 5. O-O Nf6 6. Re1 O-O 7. h3 d6 8. e5
Nd7 9. e6 Nf6 10. exf7+ Kh8 11. d3 e6 12. Bxe6 Bxe6 13. Rxe6 Nh5 14. Qe1 Qd7 15.
Nb5 Be5 16. Re8 Raxe8 17. fxe8=Q Rxe8 18. Qd2 Bf4 19. Qc3+ Be5 20. Nxe5 Nxe5 21.
g4 Nf6 22. Bg5 Rf8 23. Bxf6+ Rxf6 24. d4 cxd4 25. Nxd4 Qf7 26. Rf1 h5 27. g5 Rf4
28. Kg2 Ng4 29. f3 Ne5 30. a3 Qe7 31. Kf2 Qxg5 32. Ne6 Qh4+ 33. Ke3 Rf5 34. f4
Qxh3+ 35. Ke4 Qxf1 36. fxe5 Qg2+ 37. Kd4 dxe5+ 38. Kc4 Qc6+ 39. Nc5 Rf4+ 40. Kd3
Rf3+ 0-1

[Event "Raymundo  Silva"]
[Site "http://www.queenalice.com/game.php?id=166265"]
[Date "2007.2.9"]
[Round "-"]
[White "freccia"]
[Black "ray"]
[Result "1/2-1/2"]
[WhiteElo "1502"]
[BlackElo "1761"]

1. e4 c5 2. Bc4 Nc6 3. Nf3 g6 4. O-O Bg7 5. Re1 Nf6 6. Nc3 O-O 7. h3 d6 8. d4
cxd4 9. Nxd4 Nxd4 10. Qxd4 Nh5 11. Qd1 e6 12. Nb5 a6 13. Nxd6 b5 14. Bb3 Be5 15.
Nxc8 Qxd1 16. Rxd1 Raxc8 17. c3 Rcd8 18. Bh6 Bg7 19. Bg5 Rxd1+ 20. Rxd1 h6 21.
Be3 Be5 22. Rd7 Nf6 23. Ra7 Nxe4 24. Rxa6 Rd8 25. Bc2 Nd6 26. Bxh6 Ne4 27. g3
Nc5 28. Rb6 Nd3 29. Rxb5 Ne1 30. Bb3 Kh7 31. Rxe5 Nf3+ 32. Kg2 Nxe5 33. Bg5 Rb8
34. Be3 Nd3 35. Bd4 Nxb2 36. c4 Nd3 37. c5 Nc1 38. Bc4 Rd8 39. Be3 Rd1 40. c6
Rd6 41. a4 Rxc6 42. Bb5 Rc7 43. a5 Nb3 44. a6 Nc5 45. h4 f5 46. f4 Nxa6 47. Bxa6
Rc3 48. Bd4 Rc2+ 49. Kh3 Rd2 50. Bf6 Rd6 51. Bc4 Rc6 52. Bb5 Rb6 53. Be8 Kh6 54.
Ba4 Rb4 55. Bd1 Rb1 56. Bf3 Rb3 57. Be2 Rb1 58. g4 fxg4+ 59. Bxg4 Rh1+ 60. Kg2
Rc1 61. Bg5+ Kg7 62. Bxe6 Rc2+ 63. Kf3 Rc1 64. Ke4 Re1+ 65. Kd5 Rd1+ 66. Kc6
Rc1+ 67. Kd7 Rd1+ 68. Ke7 Kh7 69. Kf6 Rd6 70. f5 gxf5 71. Kxf5 Rc6 72. Kf6 Rb6
73. h5 Rc6 74. h6 Ra6 75. Be3 Rc6 76. Ke5 Ra6 77. Bf5+ Kh8 78. h7 Ra5+ 79. Kf4
Rxf5+ 80. Kxf5 1/2-1/2

[Event "Challenge"]
[Site "http://www.queenalice.com/game.php?id=180398"]
[Date "2007.3.11"]
[Round "-"]
[White "Tlaloc2k"]
[Black "freccia"]
[Result "0-1"]
[WhiteElo "1535"]
[BlackElo "1459"]

1. e4 e5 2. Nf3 Nc6 3. Be2 Bb4 4. c3 Ba5 5. b4 Bb6 6. O-O Nf6 7. d3 O-O 8. Bg5
h6 9. Be3 d5 10. exd5 Nxd5 11. Qb3 Be6 12. c4 Ndxb4 13. Nxe5 Bd4 14. Nxc6 bxc6
15. Bxd4 Qxd4 16. Nc3 Rab8 17. Rab1 c5 18. Nb5 Rxb5 19. Qa4 Rb7 20. a3 Rfb8 21.
axb4 Rxb4 22. Qxa7 Rxb1 23. Qxc7 Rxf1+ 24. Bxf1 Rb1 25. Qe7 Qxd3 0-1

[Event "Challenge"]
[Site "http://www.queenalice.com/game.php?id=180401"]
[Date "2007.3.11"]
[Round "-"]
[White "freccia"]
[Black "Tlaloc2k"]
[Result "0-1"]
[WhiteElo "1518"]
[BlackElo "1560"]

1. e4 e5 2. Bc4 Nf6 3. Nc3 d6 4. d4 exd4 5. Qxd4 c5 6. Qd1 Nc6 7. Nf3 h6 8. O-O
Bg4 9. h3 Bh5 10. Re1 Nd4 11. Be2 b5 12. Nxd4 cxd4 13. Nd5 Bxe2 14. Qxe2 a6 15.
e5 Nxd5 16. exd6+ Kd7 17. Qe5 Kc6 18. Qxd4 Qxd6 19. c4 Nb4 20. Qxd6+ Bxd6 21.
Re4 Rae8 22. cxb5+ axb5 23. f3 Rxe4 24. fxe4 Re8 25. Bd2 Rxe4 26. a3 Nd3 27. b4
f5 28. Ra2 f4 29. Rc2+ Kd7 30. Rc3 Rd4 31. Kf1 Nb2 32. Ke2 Na4 33. Rc1 g5 34.
Rg1 Re4+ 35. Kd3 Re5 36. Bc1 Re8 37. Kc2 Rc8+ 38. Kd2 f3 39. gxf3 Bf4+ 40. Ke2
Bxc1 41. Rd1+ Ke6 42. Rd3 Rc2+ 43. Ke1 Rh2 44. Rc3 Nxc3 0-1

[Event "Challenge"]
[Site "http://www.queenalice.com/game.php?id=208072"]
[Date "2007.5.8"]
[Round "-"]
[White "erbe"]
[Black "freccia"]
[Result "0-1"]
[WhiteElo "1645"]
[BlackElo "1514"]

1. e4 e6 2. d4 d5 3. exd5 Qxd5 4. Nf3 Bb4+ 5. Bd2 Nc6 6. c3 Ba5 7. Bd3 Nf6 8.
O-O Ne7 9. c4 Qh5 10. c5 Bxd2 11. Nbxd2 O-O 12. b4 b6 13. Qe1 Bb7 14. a4 Rfd8
15. Rb1 Nc6 16. cxb6 axb6 17. Nb3 Rxa4 18. Ra1 Rxb4 19. Nbd2 Nxd4 20. Ra7 Nxf3+
21. Nxf3 Bxf3 22. Qxb4 Qd5 23. Bc4 Qg5 24. g3 Qg4 25. Ra3 Be2 26. Qe7 Re8 27.
Qxc7 Bxc4 28. Qc6 Bxf1 29. Ra8 Kf8 30. Kxf1 Rxa8 31. Qxa8+ Ne8 32. Qa3+ Kg8 33.
Qe7 Qa4 34. Kg2 Qc6+ 35. Kg1 g6 36. h4 Kg7 37. Qg5 Nf6 38. Qe3 b5 39. Qd4 Qc4
40. Qb2 b4 41. Kg2 b3 42. Kh3 Qc2 0-1

[Event "Challenge"]
[Site "http://www.queenalice.com/game.php?id=208073"]
[Date "2007.5.8"]
[Round "-"]
[White "freccia"]
[Black "erbe"]
[Result "0-1"]
[WhiteElo "1532"]
[BlackElo "1633"]

1. e4 e5 2. Bc4 Nf6 3. Nc3 Nc6 4. Nf3 Nxe4 5. Nxe4 d5 6. Bxd5 Qxd5 7. Nc3 Qc5 8.
O-O Be7 9. Re1 Bg4 10. h3 Bh5 11. d3 O-O 12. Be3 Qd6 13. Nb5 Qd7 14. c3 a6 15.
Na3 Bxa3 16. bxa3 Qd5 17. c4 Qd6 18. a4 Nb4 19. Qb3 Bxf3 20. gxf3 b6 21. Red1 a5
22. Qc3 Qe6 23. Kf1 Qxh3+ 24. Ke2 Rad8 25. Qxe5 c5 26. Rh1 Qd7 27. Qh5 Qxd3+ 28.
Ke1 Nc2# 0-1

[Event "Challenge"]
[Site "http://www.queenalice.com/game.php?id=210868"]
[Date "2007.5.14"]
[Round "-"]
[White "freccia"]
[Black "horcruzes"]
[Result "0-1"]
[WhiteElo "1517"]
[BlackElo "1594"]

1. e4 e5 2. Bc4 Nf6 3. Nc3 Nc6 4. Nf3 Bc5 5. h3 h6 6. d3 O-O 7. O-O a6 8. Na4
Bb6 9. Re1 Ba5 10. Bd2 Bxd2 11. Qxd2 b5 12. Bxb5 axb5 13. Nc5 d6 14. Nb3 Be6 15.
Qc3 Qd7 16. a3 Bxb3 17. Qxb3 Nd4 18. Nxd4 exd4 19. c3 dxc3 20. Qxc3 Rfe8 21. Re3
d5 22. e5 d4 0-1

[Event "Viva Italia!"]
[Site "http://www.queenalice.com/game.php?id=217511"]
[Date "2007.5.28"]
[Round "-"]
[White "technicaldraw"]
[Black "freccia"]
[Result "1-0"]
[WhiteElo "2133"]
[BlackElo "1537"]

1. e4 e5 2. Nf3 Qf6 3. Bc4 Bc5 4. d3 d6 5. Nc3 Nc6 6. Nd5 Qd8 7. O-O Bg4 8. h3
Bh5 9. g4 Bg6 10. Ng5 h6 11. Nf3 Nf6 12. c3 O-O 13. Re1 Re8 14. a4 a5 15. Bb5
Qc8 16. Nxf6+ gxf6 17. Bxh6 Qe6 18. d4 Bb6 19. d5 Qd7 20. dxc6 bxc6 21. Bd3 d5
22. Bc4 Rad8 23. exd5 cxd5 24. Bf1 Qc6 25. Bb5 Qc5 26. Rf1 Re6 27. Be3 Qd6 28.
Bxb6 Qxb6 29. Nh4 c6 30. Nxg6 fxg6 31. Be2 Qxb2 32. Qb1 Qxe2 33. Qxg6+ Kf8 34.
Qh6+ Ke7 35. Rab1 Rd7 36. Qg7+ Kd6 37. Qf8+ Rde7 38. Rb7 f5 39. Qd8+ Kc5 40.
Rxe7 Rh6 41. Qxa5+ Kd6 42. Qb4+ c5 43. Qb6+ Kxe7 44. Qxh6 fxg4 45. Qg7+ Ke6 46.
Qxg4+ Qxg4+ 47. hxg4 Kf6 48. a5 1-0

[Event "Challenge"]
[Site "http://www.queenalice.com/game.php?id=307027"]
[Date "2007.11.20"]
[Round "-"]
[White "freccia"]
[Black "erbe"]
[Result "1-0"]
[WhiteElo "1537"]
[BlackElo "1591"]

1. e4 c5 2. c3 Nf6 3. e5 Nd5 4. d4 e6 5. Nf3 cxd4 6. cxd4 b6 7. Bc4 Bb7 8. O-O
Be7 9. Re1 O-O 10. Nc3 Nc6 11. Nxd5 exd5 12. Bxd5 a5 13. a3 Rb8 14. Bf4 Rc8 15.
Qb3 Kh8 16. g3 d6 17. e6 f6 18. Be4 h6 19. d5 Ne5 20. Nh4 Ba6 21. Bxe5 fxe5 22.
Ng6+ Kg8 23. Nxf8 Bxf8 24. Qf3 Qg5 25. h4 Qf6 26. Qxf6 gxf6 27. f4 Kh8 28. fxe5
fxe5 29. Kh2 Bc4 30. Re3 Be7 31. Rc1 b5 32. Rec3 a4 33. Bd3 Rc5 34. Bxc4 bxc4
35. Rxc4 Rxd5 36. Rc7 Bf8 37. Rf7 Kg8 38. Rc8 1-0